Liberecké ekonomické fórum 2007 sborník příspěvků

Saved in:
Bibliographic Details
Corporate Authors: Liberecké ekonomické fórum 2007. Mezinárodní konference, Technická univerzita v Liberci. Hospodářská fakulta
Other Authors: Kocourek, Aleš, Šimanová, Jana
Format: Book
Language:Czech
English
Slovak
Published: Liberec Technická univerzita v Liberci, Hospodářská fakulta 2007
Subjects:
Tags: Add Tag
No Tags, Be the first to tag this record!

MARC

LEADER 00000nam$a2200000$$$4500
001 0064328
005 20220728105711.5
020 |a 978-80-7372-243-2 
041 0 |a cze 
041 0 |a eng 
041 0 |a slo 
044 |a CZ 
245 1 0 |a Liberecké ekonomické fórum 2007  |b sborník příspěvků  |c editoři: Aleš Kocourek, Jana Šimanová 
264 1 |a Liberec  |b Technická univerzita v Liberci, Hospodářská fakulta  |c 2007 
300 |a CD-ROM  |e zborník abstraktov 
610 2 0 |a teórie ekonomické 
610 2 0 |a hodnota podniku 
610 2 0 |a zabezpečenie informačné 
610 2 0 |a podnik 
610 2 0 |a kapitál ľudský 
610 2 0 |a poisťovníctvo 
610 2 0 |a Česko 
610 2 0 |a Európska únia 
610 2 0 |a spolupráca podnikov 
610 2 0 |a hospodárstvo regionálne 
700 1 |a Kocourek, Aleš 
700 1 |a Šimanová, Jana 
110 2 |a Liberecké ekonomické fórum 2007. Mezinárodní konference 
710 2 |a Technická univerzita v Liberci. Hospodářská fakulta